| 000 | 00463nam a2200169Ia 4500 | ||
|---|---|---|---|
| 999 |
_c27675 _d27675 |
||
| 003 | OSt | ||
| 005 | 20201124102324.0 | ||
| 008 | 190216s9999||||xx |||||||||||||| ||und|| | ||
| 040 | _coclc | ||
| 082 |
_a894.8123 _bSUH/N |
||
| 100 |
_aSuhara, B M _96876 |
||
| 245 | 0 |
_aNilavu / _cB M Suhara |
|
| 260 |
_bPoorna Pubs, _c1967. _a Kozhikode: |
||
| 300 | _a84p | ||
| 650 | _aMalayalam Novel | ||
| 942 |
_cBK _2ddc _h894.8123 _iSUH/N _k894.8123 _mSUH/N |
||